|
|
|
|
| LEADER |
00000nkm a2200000 a 4500 |
| 001 |
vtls011594373 |
| 003 |
SK-MaSNL |
| 005 |
20260426012941.0 |
| 007 |
kf bo |
| 008 |
240409s1997 xo g kuslo |
| 035 |
|
|
|a urn:nbn:sk:snk-km00cq62
|
| 035 |
|
|
|a urn:nbn:sk:snk-km3lr9t
|
| 035 |
|
|
|a FE96EF0B-01C8-4848-85BA-426CC0CD514B
|
| 040 |
|
|
|a SNK
|b slo
|c SNK
|e AACR2
|
| 041 |
0 |
|
|a slo
|
| 043 |
|
|
|a e-xo---
|
| 044 |
|
|
|a xo
|c SK
|
| 072 |
|
7 |
|a 394
|x Verejný a spoločenský život. Každodenný život
|2 konspekt
|
| 072 |
|
7 |
|a 929
|x Biografie
|2 konspekt
|
| 080 |
|
|
|a 394.46
|2 2011
|
| 080 |
|
|
|a (084.5)
|2 2011
|
| 080 |
|
|
|a 929
|2 2011
|
| 245 |
0 |
0 |
|a Radúz a Mahuliena
|b ideový plagát
|h grafika
|c autor plagátu: Hana Cigánová, autor hry: J. Zeyer
|
| 260 |
|
|
|a Bratislava
|b Štátne bábkové divadlo
|
| 300 |
|
|
|a 1 plagát
|b farebný; podklad bledozelený text čierny, hlava ženy v listnatom strome v zlato-bielo-čiernej farebnosti
|c 61 x 85 cm
|
| 650 |
0 |
7 |
|a bábkové divadlo
|2 SNKPH
|9 3309
|
| 651 |
|
7 |
|a Slovensko
|2 SNKPH
|9 14231
|
| 655 |
|
7 |
|a plagáty
|2 SNKPH
|9 70571
|
| 700 |
1 |
|
|a Cigánová, Hana
|9 661288
|
| 700 |
1 |
|
|a Zeyer, Julius,
|d 1841-1901
|9 116973
|
| 852 |
|
|
|a Slovenská národná knižnica v Martine
|
| 958 |
|
|
|a CP
|
| 958 |
|
|
|a GBN
|
| 999 |
|
|
|c 1110313
|d 1112243
|
| 952 |
|
|
|a SNKLM
|b SNKLM
|y NEVYP
|7 1
|p 17A1201511
|o snklm L 871
|i snklm 75/1982
|8 7
|0 0
|1 0
|4 0
|d 2016-11-22
|f 1
|l 0
|r 2026-02-24 17:58:44
|w 2026-02-24
|